Signes astrologiques par indices (4) - Statistiques

Statistiques générales
  • Ce quiz a été pris 189 fois
  • Le résultat moyen est 11 sur 12
Statistiques - réponses
Hint Réponse % Correct
Bascule balance
97%
Ce n'est pas un mouton, malgré les apparences bélier
96%
Attention, c'est dur. Si on le traduit en anglais, ça nous donne "capricorn" capricorne
96%
Apparemment, il n'est pas attiré par le rouge, même si c'est un beau vin taureau
96%
Revêtement de sol si on mélange ses lettres lion
93%
L'une de ses anagrammes correspond à un synonyme de "crétin" cancer
92%
Ce mot signifie "archer" sagittaire
89%
Petite erse + 1 lettre à mettre devant et on trouve ce signe verseau
87%
Elle n'a jamais pratiqué la brouette thaïlandaise vierge
87%
On en pince pas vraiment pour lui scorpion
85%
Je n'arrive pas à trouver une définition pour celui-ci ; quelqu'un peut m'aider ? gémeaux
82%
Il ne faut pas trop en abuser si on remplace sa première lettre par une autre, surtout si c'est alcoolisé Poissons
70%
Aucun quiz correspondant
Distribution des résultats
% des personnes avec chaque résultat
Percentile par nombre de réponses
Votre historique - résultats
Vous n’avez pas pris ce quiz